TOP 10: Most Democratic Countries - Statistics

General Stats
  • This quiz has been taken 18 times
  • The average score is 8 of 10
Answer Stats
2021 rank Democracy level Answer % Correct
9 8,90 Australia
100%
2 9,37 New Zealand
94%
3 9,27 Finland
88%
1 9,75 Norway
88%
5 9,18 Iceland
82%
4 9,26 Sweden
82%
6 9,09 Denmark
76%
9 8,90 Switzerland
71%
7 9,00 Ireland
59%
8 8,99 Taiwan
53%
No matching quizzes found
Score Distribution
Percent of People with Each Score
Percentile by Number Answered
Your Score History
You have not taken this quiz